Almere City FC Current Squad - Statistics

General Stats
  • This quiz has been taken 7 times
  • The average score is 10 of 26
Answer Stats
Hint Answer % Correct
#11 (ATT) Thomas Robinet
100%
#39 (MID) Jochem Ritmeester van de Kamp
86%
#1 (GK) Nordin Bakker
71%
Manager Alex Pastoor
57%
#20 (DEF) Hamdi Akujobi
57%
#17 (ATT) Kornelius Hansen
57%
#15 (MID) Peer Koopmeiners
57%
#27 (ATT) Rajiv van La Parra
57%
#2 (DEF) Sherel Floranus
57%
#22 (DEF) Théo Barbet
57%
#4 (DEF) Damian van Bruggen
43%
#8 (MID) Danny Post
43%
#26 (GK) Stijn Keller
43%
#24 (ATT) Faiz Mattoir
29%
#3 (DEF) Joey Jacobs
29%
#28 (MID) Stije Resink
29%
#19 (ATT) Yoann Cathline
29%
#6 (MID) Álvaro Peña
14%
#29 (ATT) Bradly van Hoeven
14%
#10 (MID) Lance Duijvestijn
14%
#23 (DEF) Manuel Royo
14%
#25 (DEF) Christopher Mamengi
0%
#36 (MID) Marcelencio Esajas
0%
#21 (MID) Milan Robyn
0%
#14 (MID) Pascu
0%
#9 (ATT) Yann Kitana
0%
No matching quizzes found
Score Distribution
Percent of People with Each Score
Percentile by Number Answered
Your Score History
You have not taken this quiz